Villes dans lesquelles passe le métro parisien - Statistiques

Statistiques générales
  • Ce quiz a été pris 1 386 fois
    1 097 depuis la dernière actualisation
  • Le résultat moyen est 19 sur 29
Statistiques - réponses
Nombre de stations Ville % Correct
245 Paris
92%
5 Saint-Denis
88%
5 Boulogne-Billancourt
82%
1 Vincennes
79%
4 Créteil
78%
3 Montreuil
77%
2 Ivry-sur-Seine
74%
4 Aubervilliers
73%
3 Saint-Ouen-sur-Seine
73%
2 Neuilly-sur-Seine
72%
2 Issy-les-Moulineaux
71%
3 Levallois-Perret
71%
1 Montrouge
68%
2 Bobigny
67%
3 Villejuif
65%
3 Asnières-sur-Seine
62%
2 Pantin
62%
1 Clichy
61%
1 Les Lilas
60%
2 Bagneux
57%
1 La Courneuve
55%
1 Saint-Mandé
54%
2 Malakoff
52%
2 Puteaux
52%
1 Bagnolet
49%
2 Charenton-le-Pont
48%
3 Maisons-Alfort
48%
1 Châtillon
47%
1 Le Kremlin-Bicêtre
47%
Aucun quiz correspondant
Distribution des résultats
% des personnes avec chaque résultat
Percentile par nombre de réponses
Votre historique - résultats
Vous n’avez pas pris ce quiz depuis la dernière actualisation